[Event "Mechanics' Winter TNM; 30/90, SD/30"]
[Site "San Francisco"]
[Date "2009.01.13"]
[Round "2.23"]
[White "Baran, Nicholas"]
[Black "MacIntyre, Brendan"]
[Result "0-1"]
[WhiteElo "1335"]
[BlackElo "1654"]
[PlyCount "64"]
[EventDate "2009.??.??"]

1. e4 c5 2. c3 d5 3. exd5 Qxd5 4. Na3 Nc6 5. Bc4 Qd8 6. Nf3 Nf6 7. d4 cxd4 8.
Nxd4 Nxd4 9. cxd4 e6 10. Nb5 a6 11. Nc3 b5 12. Be2 Bb7 13. O-O Be7 14. Be3 O-O
15. a3 Rc8 16. Re1 Nd5 17. Nxd5 Bxd5 18. Bd3 Bf6 19. Qh5 g6 20. Qg4 Qe7 21. h3
Rfd8 22. Rac1 Qb7 23. Bf1 Rxc1 24. Rxc1 Be4 25. Qf4 Kg7 26. Qh6+ Kg8 27. Qf4
Bf5 28. g4 g5 29. Qc7 Be4 30. Qc5 h6 31. f4 gxf4 32. Bxf4 Bxd4+ 0-1

[Event "Mechanics' Winter TNM; 30/90, SD/30"]
[Site "San Francisco"]
[Date "2009.02.24"]
[Round "8.29"]
[White "Baran, Nicholas"]
[Black "Puryear, Ted"]
[Result "0-1"]
[WhiteElo "1335"]
[BlackElo "1124"]
[PlyCount "58"]
[EventDate "2009.??.??"]

1. e4 c5 2. Bc4 Nc6 3. Nf3 d6 4. O-O Nf6 5. Nc3 e6 6. Re1 a6 7. a3 Be7 8. d4
cxd4 9. Nxd4 Qc7 10. Nxc6 Qxc6 11. Bd3 O-O 12. Bd2 b5 13. b4 e5 14. Rc1 Be6 15.
Re3 Rfd8 16. Ne2 Qb6 17. Ng3 Ng4 18. Re2 Rac8 19. h3 Bh4 20. Be3 Nxe3 21. Rxe3
Bxg3 22. Rxg3 d5 23. exd5 Bxd5 24. Qh5 e4 25. Qg4 Qh6 26. Qg5 Qxg5 27. Rxg5
exd3 28. c3 d2 29. Rd1 Bb3 0-1

[Event "Mechanics' Winter TNM; 30/90, SD/30"]
[Site "San Francisco"]
[Date "2009.02.17"]
[Round "7.28"]
[White "Baran, Nicholas"]
[Black "Star, Spencer"]
[Result "0-1"]
[WhiteElo "1335"]
[BlackElo "1088"]
[PlyCount "46"]
[EventDate "2009.??.??"]

1. e4 d5 2. e5 c5 3. c3 Bf5 4. d4 e6 5. Bb5+ Nd7 6. Nf3 Qb6 7. Ba4 cxd4 8. cxd4
Bb4+ 9. Bd2 Bxd2+ 10. Qxd2 Qc7 11. O-O Ne7 12. Nc3 O-O 13. Bc2 Bxc2 14. Qxc2 a6
15. a3 f6 16. exf6 Nxf6 17. Rac1 Qd6 18. Rfe1 Rae8 19. Ng5 Ng6 20. Ne2 Ng4 21.
Nf3 Rxf3 22. gxf3 Qxh2+ 23. Kf1 Qxf2# 0-1

[Event "Mechanics' Fall TNM; 30/90, SD/30"]
[Site "San Francisco"]
[Date "2009.12.08"]
[Round "8.30"]
[White "Barrow, Lyle"]
[Black "Frank, Robert"]
[Result "1-0"]
[WhiteElo "1486"]
[BlackElo "1239"]
[PlyCount "97"]
[EventDate "2009.??.??"]

1. e4 e5 2. Nf3 Nc6 3. Bb5 a6 4. Bxc6 bxc6 5. d4 exd4 6. Qxd4 c5 7. Qd3 d6 8.
O-O g6 9. Bg5 Be7 10. Bxe7 Nxe7 11. Nc3 O-O 12. Rad1 Bg4 13. h3 Be6 14. Ng5 c4
15. Qe2 Qd7 16. Nxe6 Qxe6 17. Rd4 c6 18. Rxc4 d5 19. exd5 Qxe2 20. Nxe2 cxd5
21. Rc3 Rfd8 22. Rd1 Ra7 23. Rcd3 Rad7 24. c4 h5 25. cxd5 Rxd5 26. Rxd5 Rxd5
27. Rxd5 Nxd5 28. a3 Kf8 29. Nc3 Nxc3 30. bxc3 Ke7 31. Kf1 Kd6 32. Ke2 Kc5 33.
Kd3 h4 34. c4 f5 35. f4 Kb6 36. Kc3 Kc5 37. Kb3 a5 38. Kc3 Kb6 39. Kd4 Kc6 40.
a4 Kd6 41. c5+ Kc6 42. Kc4 Kb7 43. Kb5 Kc7 44. c6 Kc8 45. Kxa5 Kc7 46. Kb5 Kc8
47. Kb6 Kb8 48. a5 Kc8 49. a6 1-0

[Event "Mechanics' Fall TNM; 30/90, SD/30"]
[Site "San Francisco"]
[Date "2009.11.24"]
[Round "6.25"]
[White "Barrow, Lyle"]
[Black "Nelson, Christopher"]
[Result "0-1"]
[WhiteElo "1486"]
[BlackElo "1588"]
[PlyCount "44"]
[EventDate "2009.??.??"]

1. e4 e6 2. d4 d5 3. e5 c5 4. c3 Nc6 5. Nf3 Be7 6. a3 Bd7 7. b4 c4 8. Be2 h6 9.
O-O Qc7 10. Be3 g5 11. h3 f5 12. exf6 Nxf6 13. Nh2 O-O-O 14. Nd2 Rdg8 15. f4
Bd6 16. Ng4 Nxg4 17. Bxg4 gxf4 18. Bf2 h5 19. Bxh5 e5 20. Bg4 Bxg4 21. hxg4 e4
22. Be1 Qh7 0-1

[Event "Mechanics' Fall TNM; 30/90, SD/30"]
[Site "San Francisco"]
[Date "2009.11.10"]
[Round "4.29"]
[White "Barrow, Lyle"]
[Black "Rosenstein, Perry"]
[Result "1/2-1/2"]
[WhiteElo "1486"]
[BlackElo "1516"]
[PlyCount "40"]
[EventDate "2009.??.??"]

1. e4 d5 2. exd5 Nf6 3. Nf3 Nxd5 4. d4 Nc6 5. c4 Nb6 6. d5 Nb8 7. Nc3 c6 8. Be2
g6 9. Qd4 f6 10. O-O Bg7 11. dxc6 Nxc6 12. Qxd8+ Nxd8 13. Rd1 Nc6 14. Be3 f5
15. c5 Bxc3 16. bxc3 Na4 17. Rac1 Be6 18. Bb5 Nb2 19. Rd2 Nc4 20. Bxc4 Bxc4
1/2-1/2

[Event "Mechanics' Fall TNM; 30/90, SD/30"]
[Site "San Francisco"]
[Date "2009.10.20"]
[Round "1.18"]
[White "Barrow, Lyle"]
[Black "Sanguinetti, George"]
[Result "0-1"]
[WhiteElo "1486"]
[BlackElo "1922"]
[PlyCount "34"]
[EventDate "2009.??.??"]

1. e4 c6 2. Nc3 d5 3. d3 g6 4. Bd2 Bg7 5. g3 Nf6 6. f3 O-O 7. Qc1 Re8 8. e5
Nfd7 9. f4 Nf8 10. h4 f6 11. d4 c5 12. Be3 cxd4 13. Bxd4 Nc6 14. Qe3 Bg4 15. a3
Ne6 16. Nce2 Nexd4 17. Nxd4 Qb6 0-1

[Event "Mechanics' Fall TNM; 30/90, SD/30"]
[Site "San Francisco"]
[Date "2009.10.27"]
[Round "2.24"]
[White "Beilin, Allan"]
[Black "Barrow, Lyle"]
[Result "1-0"]
[WhiteElo "1715"]
[BlackElo "1486"]
[PlyCount "53"]
[EventDate "2009.??.??"]

1. e4 e6 2. d4 d5 3. e5 c5 4. c3 Qb6 5. Nf3 Nc6 6. a3 Nh6 7. b4 cxd4 8. cxd4
Nf5 9. Be3 Nxe3 10. fxe3 a6 11. Nc3 Bd7 12. Bd3 Be7 13. O-O O-O 14. Qc2 g6 15.
Rac1 Rac8 16. Qf2 f6 17. exf6 Rxf6 18. Qe2 Na7 19. Ne5 Rxf1+ 20. Qxf1 Rf8 21.
Qe2 Qd8 22. Qg4 Rf6 23. Nxd5 exd5 24. Qxd7 Qxd7 25. Nxd7 Rc6 26. Rxc6 bxc6 27.
Bxa6 1-0

[Event "Mechanics' Fall TNM; 30/90, SD/30"]
[Site "San Francisco"]
[Date "2009.12.08"]
[Round "8.12"]
[White "Beilin, Allan"]
[Black "Campers, Willie"]
[Result "1-0"]
[WhiteElo "1715"]
[BlackElo "1742"]
[PlyCount "151"]
[EventDate "2009.??.??"]

1. e4 e6 2. d4 d5 3. e5 c5 4. c3 Nc6 5. Nf3 Qb6 6. a3 c4 7. Nbd2 Nh6 8. Be2 Be7
9. O-O Nf5 10. Re1 Bd7 11. Rb1 Na5 12. Qc2 Qd8 13. Nf1 Nb3 14. Ne3 Nxe3 15.
Bxe3 Ba4 16. Nd2 b5 17. Nxb3 Bxb3 18. Qd2 O-O 19. f4 f6 20. Bg4 f5 21. Bf3 Rb8
22. Bd1 Bxd1 23. Qxd1 a5 24. Qc2 a4 25. Rf1 Qe8 26. Qe2 h5 27. Rf3 h4 28. Rh3
Qg6 29. Rf1 Qg4 30. Rhf3 Kf7 31. R3f2 Qg6 32. Qf3 Rh8 33. Rd2 Rbg8 34. Re2 Qh6
35. Ref2 g5 36. fxg5 Bxg5 37. Bxg5 Rxg5 38. Re2 Rhg8 39. Rff2 Ke7 40. Kf1 Rg4
41. Qe3 Qg6 42. Qf3 Qg5 43. Qe3 f4 44. Qf3 Qg6 45. Rc2 Rh8 46. h3 Rg3 47. Qxf4
Qd3+ 48. Kg1 Qd1+ 49. Kh2 Qh5 50. Qf6+ Kd7 51. Qf7+ Qxf7 52. Rxf7+ Kc6 53. Re7
Rh6 54. Rf2 Rgg6 55. Ref7 Kb6 56. R7f6 Kc7 57. Rxg6 Rxg6 58. Rf4 Rh6 59. Rf7+
Kc8 60. Kg1 Rg6 61. Kf2 Kd8 62. Rh7 Rg3 63. Rxh4 Rd3 64. Ke2 Rg3 65. Rg4 Rxg4
66. hxg4 Ke7 67. Kf3 Kf7 68. Kf4 Kg6 69. g5 Kh5 70. g3 Kg6 71. Kg4 Kg7 72. Kh5
Kh7 73. g6+ Kg7 74. Kg5 Kf8 75. Kf6 Kg8 76. g7 1-0

[Event "Mechanics' Fall TNM; 30/90, SD/30"]
[Site "San Francisco"]
[Date "2009.11.24"]
[Round "6.7"]
[White "Beilin, Allan"]
[Black "Jelinek, Jules"]
[Result "0-1"]
[WhiteElo "1715"]
[BlackElo "2131"]
[PlyCount "66"]
[EventDate "2009.??.??"]

1. e4 c5 2. Nf3 Nc6 3. d4 cxd4 4. Nxd4 Nf6 5. Nc3 d6 6. Be3 g6 7. f3 Bg7 8. Qd2
Bd7 9. Bc4 O-O 10. O-O-O Na5 11. Bb3 Rb8 12. Bh6 b5 13. Bxg7 Kxg7 14. g4 e5 15.
Nde2 b4 16. Nd5 Nxb3+ 17. cxb3 Nxd5 18. Qxd5 Rb6 19. Kb1 Ra6 20. h4 Bc6 21. Qd2
Qa5 22. Nc1 h6 23. g5 h5 24. Qe3 Re8 25. Rd2 d5 26. exd5 Bxd5 27. Rhd1 Be6 28.
Rd6 Bf5+ 29. Ka1 Rxd6 30. Rxd6 Qc7 31. Qd2 Rc8 32. Ne2 Qc2 33. Qd1 Qxe2 0-1

[Event "Mechanics' Wilkerson Mem TNM; 30/90, SD"]
[Site "San Francisco"]
[Date "2009.08.18"]
[Round "3.6"]
[White "Beilin, Allen"]
[Black "Afkham-Ebrahimi, Payam"]
[Result "0-1"]
[WhiteElo "1713"]
[BlackElo "1838"]
[PlyCount "51"]
[EventDate "2009.??.??"]

1. e4 c6 2. d4 d5 3. e5 e6 4. Nf3 Nd7 5. c3 b5 6. Bd3 a5 7. a4 b4 8. Nbd2 c5 9.
O-O c4 10. Be2 Nb6 11. Ne1 b3 12. f4 Ne7 13. g4 g6 14. Ng2 Bd7 15. Qe1 Qc8 16.
Ne3 Qa6 17. Nf3 Bxa4 18. Nh4 Bd7 19. f5 g5 20. Nhg2 Qc8 21. fxe6 Bxe6 22. Nf5
Bxf5 23. gxf5 h6 24. Ne3 a4 25. Bh5 Rh7 26. e6 0-1

[Event "Mechanics' Wilkerson Mem TNM; 30/90, SD"]
[Site "San Francisco"]
[Date "2009.09.22"]
[Round "8.17"]
[White "Beilin, Allen"]
[Black "MacIntyre, Brendan"]
[Result "1/2-1/2"]
[WhiteElo "1713"]
[BlackElo "1703"]
[PlyCount "61"]
[EventDate "2009.??.??"]

1. e4 c5 2. Nf3 Nc6 3. d4 cxd4 4. Nxd4 g6 5. Nc3 Bg7 6. Be3 Nf6 7. Be2 O-O 8.
Qd2 d5 9. exd5 Nxd5 10. Nxd5 Qxd5 11. Bf3 Qd6 12. Nxc6 bxc6 13. Qxd6 exd6 14.
Bxc6 Rb8 15. Rb1 Bf5 16. Bxa7 Rxb2 17. Rxb2 Bxb2 18. c4 Bd3 19. Kd2 Bxc4 20. a4
Rc8 21. Rb1 Rxc6 22. Rxb2 Kf8 23. Rb6 Bd5 24. g3 Ke7 25. a5 Kd7 26. Kd3 Rxb6
27. Bxb6 Kc6 28. Kd4 Bf3 29. Bd8 Be2 30. Bb6 h5 31. Bd8 1/2-1/2

[Event "Mechanics' Wilkerson Mem TNM; 30/90, SD"]
[Site "San Francisco"]
[Date "2009.09.08"]
[Round "6.17"]
[White "Beilin, Allen"]
[Black "Molinari, Rory"]
[Result "1-0"]
[WhiteElo "1713"]
[BlackElo "1252"]
[PlyCount "99"]
[EventDate "2009.??.??"]

1. e4 e5 2. Nf3 Nc6 3. Bb5 a6 4. Ba4 b5 5. Bb3 Bc5 6. O-O Nf6 7. Re1 d6 8. h3
O-O 9. c3 Re8 10. Bc2 Bb7 11. d4 Bb6 12. Bg5 d5 13. exd5 Qxd5 14. Bxf6 gxf6 15.
Qd3 e4 16. Rxe4 Rxe4 17. Qxe4 Qxe4 18. Bxe4 Rb8 19. Nbd2 Ne7 20. Bxb7 Rxb7 21.
Re1 Nd5 22. Ne4 c6 23. Ng3 Re7 24. Rxe7 Nxe7 25. Kf1 Nd5 26. Ne2 Kf8 27. Ke1 a5
28. Kd2 Ke7 29. Kd3 Kd7 30. Ke4 Ke6 31. Nf4+ Kd6 32. Nxd5 cxd5+ 33. Kf5 Ke7 34.
Nh2 h5 35. Nf1 Bd8 36. Ng3 h4 37. Nh5 Kf8 38. Nxf6 Bxf6 39. Kxf6 Kg8 40. g4
hxg3 41. fxg3 Kf8 42. h4 Kg8 43. g4 Kf8 44. h5 Kg8 45. g5 Kf8 46. g6 fxg6 47.
hxg6 Kg8 48. Ke5 Kg7 49. Kxd5 Kxg6 50. Ke6 1-0

[Event "Mechanics' Wilkerson Mem TNM; 30/90, SD"]
[Site "San Francisco"]
[Date "2009.09.01"]
[Round "5.18"]
[White "Beilin, Allen"]
[Black "Zhang, Jeffrey"]
[Result "1/2-1/2"]
[WhiteElo "1713"]
[BlackElo "1491"]
[PlyCount "102"]
[EventDate "2009.??.??"]

1. e4 e6 2. d4 d5 3. e5 c5 4. c3 Qb6 5. Nf3 Nc6 6. a3 a5 7. b3 Be7 8. Be3 cxd4
9. cxd4 Bd7 10. Be2 Na7 11. O-O Bb5 12. Nc3 Bxe2 13. Nxe2 Nc6 14. Ng3 Rc8 15.
Bc1 Bd8 16. Bb2 Nge7 17. Rc1 Ng6 18. Rc3 Be7 19. Qd3 O-O 20. Rfc1 Na7 21. Rxc8
Rxc8 22. Rxc8+ Nxc8 23. Qc2 Na7 24. Ne2 Nc6 25. Qd3 a4 26. b4 Na5 27. Qc3 Nc4
28. Nd2 Qc6 29. f4 Nxb2 30. Qxb2 Bd8 31. g3 Bb6 32. Kf1 Kf8 33. Ke1 Ne7 34. g4
Ke8 35. Kd1 Kd7 36. Qc2 Qxc2+ 37. Kxc2 Kc6 38. Kd3 Ba7 39. Nc3 b5 40. Ke3 Bb6
41. Nf3 h6 42. Ne1 g6 43. Nd3 Nc8 44. Nc5 Ba7 45. Ne2 Nb6 46. Kd3 Nc4 47. Kc3
Nxa3 48. Ng3 Nc4 49. h3 a3 50. Kb3 Bxc5 51. bxc5 b4 1/2-1/2

[Event "Mechanics' Spring TNM; 30/90, SD/30"]
[Site "San Francisco"]
[Date "2009.04.28"]
[Round "7.23"]
[White "Bertot, German"]
[Black "Allen, Tom"]
[Result "1-0"]
[WhiteElo "1561"]
[BlackElo "1570"]
[PlyCount "99"]
[EventDate "2009.??.??"]

1. d4 Nf6 2. c4 e5 3. dxe5 Ng4 4. Bf4 Nc6 5. Nf3 Bb4+ 6. Nbd2 Qe7 7. a3 Ngxe5
8. Nxe5 Nxe5 9. e3 Bxd2+ 10. Qxd2 O-O 11. Qd5 d6 12. Rd1 Qe6 13. Qd4 b6 14. Qd5
Rb8 15. Be2 Qf6 16. Qd4 Bb7 17. O-O Rfe8 18. b4 Rbd8 19. f3 Qf5 20. Bxe5 Rxe5
21. Bd3 Qe6 22. Qh4 Qd7 23. Qxh7+ Kf8 24. Qh8+ Ke7 25. Qh4+ g5 26. Qd4 c5 27.
bxc5 bxc5 28. Qb2 Qc7 29. e4 Kf8 30. Qf2 Re6 31. Qg3 f6 32. h4 Qg7 33. h5 Qh6
34. Qh2 Kg7 35. g4 Bc6 36. Qd2 Rde8 37. Qa5 R6e7 38. Bc2 Rd7 39. Qa6 Bb7 40.
Qa5 Bc6 41. Qa6 Bb7 42. Qb5 Red8 43. Qa5 Qh8 44. Ba4 Re7 45. Rd2 Kh6 46. Qc3
Qf8 47. Rfd1 Re6 48. Qb2 Qe7 49. Qc2 Qf8 50. Kf2 {remainder illegible} 1-0

[Event "Mechanics' Spring TNM; 30/90, SD/30"]
[Site "San Francisco"]
[Date "2009.04.14"]
[Round "5.16"]
[White "Bertot, German"]
[Black "Askin, David"]
[Result "1/2-1/2"]
[WhiteElo "1561"]
[BlackElo "1768"]
[PlyCount "61"]
[EventDate "2009.??.??"]

1. d4 d5 2. c4 c6 3. Nc3 Nf6 4. Nf3 e6 5. e3 Nbd7 6. Bd3 dxc4 7. Bxc4 b5 8. Bd3
a6 9. Qc2 c5 10. dxc5 Bxc5 11. Ne4 Be7 12. Qc6 Ra7 13. Nd6+ Bxd6 14. Qxd6 Qb6
15. Qxb6 Nxb6 16. Ne5 Nbd5 17. Bd2 O-O 18. Rc1 Rc7 19. Ke2 Bb7 20. e4 Rxc1 21.
Rxc1 Nb6 22. f3 Rc8 23. Rxc8+ Nxc8 24. Bb4 Nb6 25. b3 Nbd7 26. Nxd7 Nxd7 27.
Bd6 f6 28. Ke3 Kf7 29. f4 g5 30. fxg5 fxg5 31. g4 1/2-1/2

[Event "Mechanics' Summer TNM; 30/90, SD/30"]
[Site "San Francisco"]
[Date "2009.06.09"]
[Round "3.31"]
[White "Bertot, German"]
[Black "Capdeville, Barry"]
[Result "1-0"]
[WhiteElo "1561"]
[BlackElo "1194"]
[PlyCount "107"]
[EventDate "2009.??.??"]

1. d4 Nf6 2. c4 c5 3. d5 d6 4. Nc3 e5 5. e4 Be7 6. f4 Nbd7 7. Nf3 h6 8. Be2 Nh7
9. h4 Nhf6 10. Bd2 Nf8 11. fxe5 dxe5 12. Nxe5 a6 13. Qb3 Bd6 14. Bf4 Qe7 15.
Qa4+ N8d7 16. Nxd7 Bxd7 17. Bxd6 Qxd6 18. Qc2 Qg3+ 19. Kd2 O-O 20. Rab1 Rad8
21. Qd3 Qf4+ 22. Qe3 Qe5 23. Bf3 Rfe8 24. Rbe1 b6 25. Rhg1 Bg4 26. Bxg4 Nxg4
27. Qf3 Nf6 28. Kc2 Rd6 29. Rgf1 Re7 30. Qf4 Qxf4 31. Rxf4 Re5 32. Kd3 h5 33.
Ref1 Rd7 34. Na4 Rd6 35. Rf5 Rxe4 36. Rxf6 Rd4+ 37. Kc3 gxf6 38. b4 Rxh4 39.
bxc5 bxc5 40. Nxc5 Rg4 41. Rf2 Kg7 42. Nb7 Rb6 43. Na5 Rg3+ 44. Kd4 Rg5 45. Kc5
Rb8 46. Nc6 Rc8 47. Kd6 Rg4 48. Kd7 Ra8 49. c5 Rd4 50. Rf5 Kg6 51. Nxd4 Ra7+
52. Kc6 Re7 53. d6 Re6 54. Nxe6 1-0

[Event "Mechanics' Spring TNM; 30/90, SD/30"]
[Site "San Francisco"]
[Date "2009.03.31"]
[Round "3.16"]
[White "Bertot, German"]
[Black "Ramachandran, Jayakrishnan"]
[Result "0-1"]
[WhiteElo "1561"]
[BlackElo "1829"]
[PlyCount "70"]
[EventDate "2009.??.??"]

1. d4 Nf6 2. c4 e6 3. Nc3 d5 4. Bg5 Be7 5. Nf3 Nbd7 6. e3 O-O 7. Bd3 b6 8. cxd5
exd5 9. Qc2 Bb7 10. Rc1 c5 11. b3 Ne4 12. Bxe7 Qxe7 13. O-O Rac8 14. Qb2 f5 15.
Ne2 g5 16. Bxe4 dxe4 17. Nd2 f4 18. f3 fxe3 19. Nxe4 Bxe4 20. fxe4 Qxe4 21.
dxc5 Nxc5 22. Qd4 Rcd8 23. Rxf8+ Rxf8 24. Qxe4 Nxe4 25. Rf1 Rd8 26. Re1 Rd2 27.
a3 Rd3 28. Nc1 Rc3 29. Kf1 Nd2+ 30. Ke2 Nxb3 31. Nxb3 Rxb3 32. Kf3 Rxa3 33.
Rxe3 Rxe3+ 34. Kxe3 Kf7 35. Kd4 Ke6 0-1

[Event "Mechanics' Summer TNM; 30/90, SD/30"]
[Site "San Francisco"]
[Date "2009.05.26"]
[Round "1.14"]
[White "Bertot, German"]
[Black "Shin, Kyle"]
[Result "0-1"]
[WhiteElo "1561"]
[BlackElo "1960"]
[PlyCount "100"]
[EventDate "2009.??.??"]

1. d4 d5 2. c4 c6 3. Nc3 Nf6 4. Nf3 e6 5. Bg5 Nbd7 6. e3 Bd6 7. c5 Be7 8. Bd3
h6 9. Bh4 O-O 10. b4 b6 11. O-O a5 12. a3 Ba6 13. Bxa6 Rxa6 14. Qd3 Qa8 15. b5
Ra7 16. cxb6 Nxb6 17. Ne5 Nfd7 18. Nxd7 Rxd7 19. Bxe7 Rxe7 20. Rab1 Nc4 21. Na4
cxb5 22. Rxb5 Qc6 23. Nc3 Qd6 24. Rc5 Rb8 25. Nb5 Qa6 26. a4 Reb7 27. h3 g6 28.
Nc7 Qd6 29. Nb5 Qd7 30. Rb1 Nd6 31. Kf1 Ne4 32. Rc2 Kg7 33. Rbc1 Nd6 34. Rc7
Qd8 35. Rxb7 Rxb7 36. Rc5 Nc4 37. Qc3 Qb8 38. Kg1 Qd8 39. Qd3 Qe7 40. Kf1 Qh4
41. Rc7 Rxc7 42. Nxc7 Qe7 43. Nb5 Qb4 44. Nc3 Qb3 45. Ke1 Nb2 46. Qd2 Nxa4 47.
Nd1 Qb5 48. Nc3 Nxc3 49. Qxc3 a4 50. g4 Qc4 0-1

[Event "Mechanics' Summer TNM; 30/90, SD/30"]
[Site "San Francisco"]
[Date "2009.06.30"]
[Round "6.23"]
[White "Bertot, German"]
[Black "Standen, Julian"]
[Result "0-1"]
[WhiteElo "1561"]
[BlackElo "1781"]
[PlyCount "72"]
[EventDate "2009.??.??"]

1. d4 d5 2. c4 c6 3. Nc3 Nf6 4. Nf3 dxc4 5. a4 Bg4 6. Ne5 Bh5 7. Nxc4 e6 8. Qd3
c5 9. e3 Nc6 10. dxc5 Bxc5 11. Bd2 Nb4 12. Qxd8+ Rxd8 13. Rc1 Nd3+ 14. Bxd3
Rxd3 15. O-O Ke7 16. f3 Rxd2 17. Nxd2 Bxe3+ 18. Rf2 Bxf2+ 19. Kxf2 Rd8 20. Nc4
Nd5 21. Ne4 f6 22. Na5 Rd7 23. Nc5 Rc7 24. Naxb7 Bf7 25. Na5 Nb6 26. Nab3 e5
27. Rd1 Nxa4 28. Nxa4 Bxb3 29. Rd2 Bxa4 30. Ke3 Rd7 31. Re2 Rc7 32. b4 Rc2 33.
Re1 a6 34. Rg1 Rb2 35. Kd3 Rxb4 36. Kc3 Rd4 0-1

[Event "Mechanics' Wilkerson Mem TNM; 30/90, SD"]
[Site "San Francisco"]
[Date "2009.08.25"]
[Round "4.17"]
[White "Bulguchev, Ibragim"]
[Black "Periwal, Prashant"]
[Result "1/2-1/2"]
[WhiteElo "1558"]
[BlackElo "1888"]
[PlyCount "92"]
[EventDate "2009.??.??"]

1. d4 d5 2. Nf3 Nf6 3. h3 e6 4. Bg5 Be7 5. e3 h6 6. Bh4 Ne4 7. Bxe7 Qxe7 8. Bd3
Qb4+ 9. Nbd2 f5 10. Rb1 Nd7 11. O-O g5 12. a3 Qd6 13. c4 c6 14. c5 Qc7 15. Bxe4
dxe4 16. Nh2 h5 17. Nc4 Nf6 18. Nd6+ Ke7 19. f4 g4 20. hxg4 hxg4 21. g3 Rh3 22.
Qe1 Nh5 23. Rf2 Nxg3 24. Rg2 Nh5 25. Nf1 Bd7 26. Rh2 Rxh2 27. Nxh2 Rg8 28. Qh4+
Nf6 29. Nf1 Rg7 30. Ng3 Rh7 31. Qg5 Qd8 32. Nh5 Qh8 33. Qxf6+ Qxf6 34. Nxf6
Kxf6 35. Nxb7 Rh3 36. Re1 Kg6 37. b4 Kh5 38. Re2 Kh4 39. Rh2 Kg3 40. Re2 Kf3
41. Re1 Rg3+ 42. Kf1 Rg2 43. Nd6 Rh2 44. Kg1 Re2 45. Rxe2 Kxe2 46. Nc4 Bc8
1/2-1/2

[Event "Mechanics' Wilkerson Mem TNM; 30/90, SD"]
[Site "San Francisco"]
[Date "2009.08.11"]
[Round "2.14"]
[White "Bulguchev, Ruslan"]
[Black "Russell, Joe Ryan"]
[Result "0-1"]
[WhiteElo "1238"]
[BlackElo "1757"]
[PlyCount "56"]
[EventDate "2009.??.??"]

1. d4 Nf6 2. Bg5 d5 3. Nf3 e6 4. e3 Be7 5. Bxf6 Bxf6 6. c4 O-O 7. cxd5 exd5 8.
Bd3 c6 9. Nc3 Re8 10. O-O Bg4 11. Be2 Nd7 12. Nd2 Bxe2 13. Nxe2 g6 14. Ng3 Bg7
15. Qa4 f5 16. Qd1 Nf6 17. Re1 Qd6 18. Qb3 Re7 19. e4 Nxe4 20. Ngxe4 fxe4 21.
Nxe4 Rae8 22. f3 Bxd4+ 23. Kf1 Qxh2 24. Rad1 Qg1+ 25. Ke2 Qxg2+ 26. Kd3 Qxb2
27. Nd6 Re3+ 28. Rxe3 Rxe3# 0-1

[Event "Mechanics' Winter TNM; 30/90, SD/30"]
[Site "San Francisco"]
[Date "2009.02.24"]
[Round "8.19"]
[White "Bultman, Charles"]
[Black "Chan, John"]
[Result "1-0"]
[WhiteElo "1777"]
[BlackElo "1563"]
[PlyCount "97"]
[EventDate "2009.??.??"]

1. e4 c5 2. Nf3 Nc6 3. d4 cxd4 4. Nxd4 d6 5. Nc3 a6 6. Be3 Nf6 7. Qd2 e5 8. Nb3
Be7 9. f3 b5 10. O-O-O Be6 11. g4 h6 12. h4 Bxb3 13. axb3 Rc8 14. Bh3 Rb8 15.
g5 hxg5 16. hxg5 Nh5 17. Bg4 g6 18. Nd5 Na5 19. Kb1 Nc6 20. Nf6+ Bxf6 21. gxf6
Na5 22. Qxd6 Qxd6 23. Rxd6 Ra8 24. Bd7+ Kf8 25. Rhd1 Kg8 26. Bg4 Ng3 27. Rd8+
Kh7 28. Rxa8 Rxa8 29. Rd7 Kg8 30. Bh6 Nc6 31. Rd2 Rd8 32. Rxd8+ Nxd8 33. b4 Ne6
34. Bxe6 fxe6 35. c3 Kf7 36. Bg5 Nh5 37. Kc2 Nxf6 38. Bxf6 Kxf6 39. Kd3 Kg5 40.
Ke3 Kf6 41. b3 g5 42. c4 bxc4 43. bxc4 Ke7 44. Kf2 Kd6 45. Kg3 Kc6 46. Kg4 Kb6
47. Kxg5 a5 48. bxa5+ Kxa5 49. Kf6 1-0

[Event "Mechanics' Wilkerson Mem TNM; 30/90, SD"]
[Site "San Francisco"]
[Date "2009.09.15"]
[Round "7.14"]
[White "Bultman, Charles"]
[Black "Dembling, Arthur"]
[Result "1/2-1/2"]
[WhiteElo "1721"]
[BlackElo "1733"]
[PlyCount "50"]
[EventDate "2009.??.??"]

1. e4 e6 2. d4 d5 3. Nc3 Nf6 4. Bg5 Bb4 5. exd5 exd5 6. Qf3 Bxc3+ 7. Qxc3 Qd6
8. O-O-O O-O 9. f3 c6 10. Bd3 h6 11. Be3 b5 12. Ne2 b4 13. Qd2 a5 14. g4 Nbd7
15. h4 Ba6 16. g5 Bxd3 17. gxf6 Bxe2 18. fxg7 Rfe8 19. Qxe2 Qe6 20. Rde1 Qf6
21. Qd2 Re6 22. Bf4 Rae8 23. Rxe6 Rxe6 24. b3 Kxg7 25. Rg1+ Kf8 1/2-1/2

[Event "Mechanics' Summer TNM; 30/90, SD/30"]
[Site "San Francisco"]
[Date "2009.06.25"]
[Round "5.21"]
[White "Bultman, Charles"]
[Black "Evans, Nicholas"]
[Result "1-0"]
[WhiteElo "1722"]
[BlackElo "1434"]
[PlyCount "73"]
[EventDate "2009.??.??"]

1. e4 e5 2. Nf3 d6 3. d4 f5 4. dxe5 fxe4 5. Ng5 d5 6. Nc3 Bb4 7. Bd2 Bxc3 8.
bxc3 Qe7 9. Bf4 c6 10. g3 Bf5 11. Bg2 Nh6 12. O-O Nd7 13. Rb1 Nxe5 14. Bxe5
Qxe5 15. Rxb7 Bc8 16. f4 Qxc3 17. Rb3 Qc5+ 18. Kh1 Ng4 19. Qe2 O-O 20. Bh3 Nf6
21. Ne6 Qe7 22. Ng5 h6 23. Bxc8 Raxc8 24. Nf3 Nd7 25. Rb7 Qd8 26. Nd4 Nc5 27.
Rxa7 Qb6 28. Re7 Ra8 29. Qg4 g5 30. Ne6 Rf7 31. Rxf7 Kxf7 32. fxg5+ Ke7 33.
Nxc5 Qxc5 34. gxh6 e3 35. Qg7+ Kd6 36. Rf6+ Ke5 37. Rxc6+ 1-0

[Event "Mechanics' Spring TNM; 30/90, SD/30"]
[Site "San Francisco"]
[Date "2009.03.17"]
[Round "2.4"]
[White "Bultman, Charles"]
[Black "Fuentes, Romulo"]
[Result "1-0"]
[WhiteElo "1724"]
[BlackElo "2083"]
[PlyCount "71"]
[EventDate "2009.??.??"]

1. e4 c5 2. Nf3 d6 3. d4 cxd4 4. Nxd4 Nf6 5. Nc3 a6 6. f3 e5 7. Nb3 Be6 8. Be3
Nbd7 9. Qd2 b5 10. O-O-O Be7 11. g4 b4 12. Nd5 Bxd5 13. exd5 Nb6 14. Bxb6 Qxb6
15. g5 Nh5 16. h4 a5 17. Kb1 O-O 18. Bd3 a4 19. Nc1 a3 20. b3 Rac8 21. Ne2 Qc5
22. Rdg1 g6 23. Be4 f5 24. gxf6 Rxf6 25. Qg5 Nf4 26. h5 Nxe2 27. hxg6 Qxg1+ 28.
Rxg1 Nxg1 29. gxh7+ Kh8 30. Qxg1 Rh6 31. Kc1 Rh5 32. f4 Rf8 33. Bg6 Rh4 34. f5
Rd4 35. Bf7 Kxh7 36. Qg6+ 1-0

[Event "Mechanics' Wilkerson Mem TNM; 30/90, SD"]
[Site "San Francisco"]
[Date "2009.08.18"]
[Round "3.9"]
[White "Bultman, Charles"]
[Black "Gray, William"]
[Result "1-0"]
[WhiteElo "1721"]
[BlackElo "2061"]
[PlyCount "89"]
[EventDate "2009.??.??"]

1. e4 Nc6 2. d4 d6 3. Nf3 e6 4. Nc3 a6 5. a4 Bd7 6. Bc4 g6 7. Bg5 Be7 8. Be3
Bf6 9. O-O Bg7 10. Qd2 Nce7 11. Ng5 c6 12. a5 Qc8 13. Na4 Qc7 14. Nb6 Rb8 15.
f4 Nc8 16. f5 gxf5 17. exf5 d5 18. fxe6 Bxe6 19. Bf4 Nd6 20. Bb3 Nf6 21. Rae1
Nfe4 22. Nxe4 dxe4 23. Bxe6 fxe6 24. Nc4 Rd8 25. Nxd6+ Rxd6 26. Rxe4 O-O 27.
Bxd6 Qxd6 28. Rxf8+ Kxf8 29. Qf4+ Qxf4 30. Rxf4+ Ke7 31. Kf1 h6 32. Ke2 Bf6 33.
Kd3 Bg5 34. Re4 Kd6 35. g4 Bd8 36. Re5 b5 37. axb6 Bxb6 38. Rh5 Bd8 39. Rxh6
Bg5 40. Rh7 Bf4 41. h4 c5 42. dxc5+ Kxc5 43. g5 Be5 44. g6 Bxb2 45. g7 1-0

[Event "Mechanics' Fall TNM; 30/90, SD/30"]
[Site "San Francisco"]
[Date "2009.12.15"]
[Round "9.7"]
[White "Bultman, Charles"]
[Black "Krasnov, Steven"]
[Result "0-1"]
[WhiteElo "1703"]
[BlackElo "1932"]
[PlyCount "64"]
[EventDate "2009.??.??"]

1. e4 c5 2. Nf3 Nc6 3. d4 cxd4 4. Nxd4 e6 5. Be2 Nf6 6. Nxc6 bxc6 7. Nd2 Qc7 8.
c4 Bb7 9. O-O Bd6 10. h3 h5 11. Qc2 c5 12. Bd3 g5 13. Re1 O-O-O 14. b3 Bh2+ 15.
Kf1 g4 16. h4 Rhg8 17. Bb2 Be5 18. Bxe5 Qxe5 19. Rad1 Kb8 20. a3 Rc8 21. Kg1 g3
22. Nf3 gxf2+ 23. Qxf2 Qc7 24. e5 Ng4 25. Qe2 Bxf3 26. Qxf3 Nxe5 27. Qxh5 Ng4
28. Be4 Qh2+ 29. Kf1 Qg3 30. Rd2 Rh8 31. Qg5 f6 32. Qg7 Nh2+ 0-1